Herbs, Spices, And Medicinal Plants (Record no. 479849)
[ view plain ]
| 000 -LEADER | |
|---|---|
| fixed length control field | 00423nam a22001577a 4500 |
| 003 - CONTROL NUMBER IDENTIFIER | |
| control field | ASAB |
| 005 - DATE AND TIME OF LATEST TRANSACTION | |
| control field | 20180827062550.0 |
| 008 - FIXED-LENGTH DATA ELEMENTS--GENERAL INFORMATION | |
| fixed length control field | 151005t xxu||||| |||| 00| 0 eng d |
| 020 ## - INTERNATIONAL STANDARD BOOK NUMBER | |
| International Standard Book Number | 81-239-0812-1 |
| 040 ## - CATALOGING SOURCE | |
| Transcribing agency | ASAB |
| 245 ## - TITLE STATEMENT | |
| Title | Herbs, Spices, And Medicinal Plants |
| 246 ## - VARYING FORM OF TITLE | |
| Title proper/short title | herbs spices and medicinal plants |
| 300 ## - PHYSICAL DESCRIPTION | |
| Extent | various pages |
| 440 ## - SERIES STATEMENT/ADDED ENTRY--TITLE | |
| Title | CBS medicinal plants series in 4 vols |
| 9 (RLIN) | 2248 |
| 942 ## - ADDED ENTRY ELEMENTS (KOHA) | |
| Source of classification or shelving scheme | |
| Koha item type | Book |
| Withdrawn status | Lost status | Source of classification or shelving scheme | Damaged status | Not for loan | Collection code | Permanent Location | Current Location | Date acquired | Total Checkouts | Full call number | Barcode | Date last seen | Copy number | Price effective from | Koha item type |
|---|---|---|---|---|---|---|---|---|---|---|---|---|---|---|---|
| Atta-ur-Rahman School of Applied Biosciences (ASAB) | Atta-ur-Rahman School of Applied Biosciences (ASAB) | 11/23/2016 | 615.32 CRA | ASAB2260 | 07/06/2018 | volume 1 | 11/23/2016 | Book |
